Normal view
MARC view
Entry Topical Term
001 - CONTROL NUMBER
- control field: 3848
003 - CONTROL NUMBER IDENTIFIER
- control field: BD-RjUL
005 - DATE AND TIME OF LATEST TRANSACTION
- control field: 20220623144232.0
008 - FIXED-LENGTH DATA ELEMENTS
- fixed length control field: 220623|| aca||aabn | a|a d
040 ## - CATALOGING SOURCE
- Original cataloging agency: BD-RjUL
- Transcribing agency: BD-RjUL
150 ## - HEADING--TOPICAL TERM
- Topical term or geographic name entry element: Stipend
- Geographic subdivision: Bangladesh
670 ## - SOURCE DATA FOUND
- Source citation: Work cat.: (BD-RjUL)80029: বেগম, মোসা : নূরজাহান 3844, বাংলাদেশের নারী শিক্ষার প্রসার :, ২০০৮